TTC Subway Stops Quiz Stats

 Plays Quiz not verified by Sporcle

Challenge
Share
Tweet
Embed
Score 0/69 Timer 05:00
0 Plays Today
% Correct
King
94%
Queen
94%
Union
90.5%
Dundas
88.1%
Eglinton
86.9%
St Andrew
86.9%
Bay
85.7%
Finch
85.7%
St Clair
85.7%
St George
83.3%
Spadina
82.1%
Museum
79.8%
Kipling
77.4%
Eglinton West
76.2%
St Clair West
76.2%
Downsview
75%
College
73.8%
Lawrence
73.8%
Kennedy
72.6%
Bloor-Yonge
71.4%
Pape
71.4%
Yorkdale
71.4%
Islington
70.2%
Rosedale
70.2%
St Patrick
69%
Wellesley
69%
York Mills
69%
Jane
67.9%
Lawrence West
67.9%
Bathurst
66.7%
Davisville
66.7%
Ossington
66.7%
Queen's Park
66.7%
Dufferin
64.3%
Dundas West
64.3%
% Correct
Summerhill
64.3%
Osgoode
63.1%
Keele
61.9%
Castlefrank
60.7%
Christie
60.7%
Warden
60.7%
Dupont
59.5%
Old Mill
59.5%
Victoria Park
59.5%
Sherbourne
56%
Coxwell
54.8%
Donlands
53.6%
High Park
52.4%
North York Centre
52.4%
Royal York
52.4%
Broadview
51.2%
Chester
51.2%
Don Mills
51.2%
Wilson
51.2%
Woodbine
51.2%
Main Street
50%
Runnymede
50%
Sheppard-Yonge
50%
Greenwood
48.8%
Bayview
47.6%
Glencairn
46.4%
Lawrence East
46.4%
Leslie
44%
Ellesmere
41.7%
Lansdowne
41.7%
McCowan
35.7%
Scarborough Centre
34.5%
Midland
32.1%
Bessarian
15.5%

You're not logged in!

Compare scores with friends on all Sporcle quizzes.
Join for Free
OR
Log In

You Might Also Like...

Show Comments

Extras

Created Feb 12, 2011ReportNominate
Tags:commission, stop, subway, toronto, transit, ttc

Top Quizzes Today


Score Distribution

Your Account Isn't Verified!

In order to create a playlist on Sporcle, you need to verify the email address you used during registration. Go to your Sporcle Settings to finish the process.

Report this User

Report this user for behavior that violates our Community Guidelines.

Details: